000 00586nam a22001937a 4500
005 20250626105540.0
010 _aENG-145576
020 _a9788178246703
_c1095.00
035 _aEN-129108
037 _aDBAD
082 _a320.454
_21
100 _aMenon, Nivedita
_982368
245 _aSecularism as Misdirection:
_bCritical Thought from the Global South/
_cNivedita Menon
250 _a1
260 _aHyderabad
_bOrient BlackSwan
_c2023
270 _a3-6-752 Himayatnagar,
_bHyderabad
_e500029
300 _a478p.
_c23cm(hb)
942 _2ddc
_cEN
_mMEN
_h320.454
999 _c211962
_d211962